000 01995nam a2200241 4500
001 113971
003 DR-UNIBE
005 20250729111828.0
008 250729b2007 ho ||||| |||| 00| 0 spa d
040 _aBIBLIOTECA UNIBE
_bspa
_cBIBLIOTECA UNIBE
_erda
041 _aspa
082 _222
_a345.7283 R426c
110 1 0 _aRepública de Honduras. Leyes, decretos, etc.
_9194690
_eautor
245 1 0 _aCódigo procesal civil :
_bDecreto No. 211-2006
260 _aTegucigalpa :
_bLitocom,
_c2007
300 _a373 páginas :
_c23 x 15 cm
500 _aPublicado en el Diário Oficial La Gaceta No.31313 de fecha 26 de mayo de 2007
505 _aExposición de motivos | Presentación | Libro primero. Título preliminar | Título segundo. Abstención y recusación | Título tercero. Las partes | Título cuarto. Acumulación | Título quinto. Actos procesales | Libro segundo. Prueba | Título primero. Normas generales | Libro tercero. Medidas cautelares | Título I. Normas generales | Título segundo. Clases de medidas cautelares | Título tercero. Procedimiento para la adopción de medidas cautelares | Título cuarto. Modificación y revocación | Libro cuarto. Los procesos declarativos | Título primero. Normas comunes a todos los procesos | Título segundo. El proceso ordinario | Título tercero. El proceso abreviado | Título cuarto. Procesos no dispositivos | Título quinto. El proceso monitorio | Libro quinto. Los medios de impugnación | Título primero. Disposiciones generales | Título segundo. Recursos de reposición | Título tercero. Recurso devolutivo | Título cuarto. Audiencia al rebelde | Libro sexto. Ejecución forzosa | Título primero. Disposiciones generales | Título segundo. Ejecución de títulos judiciales (vía de apremio) |
650 7 _2lemb
_aCódigo civil
_zHonduras
_9197876
650 7 _2lemb
_aDerecho civil
_zHonduras
_9197877
700 1 0 _aMorales Montalván, Vilma Cecilia
_9197845
_epresentación
942 _2ddc
_cBK
999 _c113971
_d113971